00693cam a2200205 450000500170000000800410001702000160005805000210007410000350009524501000013025000110023026000400024130000180028144000540029950000150035350400370036850500160040560000450042165000210046620190618120406.0190618t 2003sp ||||| |||| 00| 0 spa d a8497722345 04aJC571 bC83 2003 aBarba Martinez, Gregorio Peces00aLa dignidad de la persona desde la filosofía del derecho /cGregorio Peces Barba Martínez,  a2a ed. aMadrid, España:bDykinson, c2003 a82. ;c21 cm. a(Cuadernos "Bartolomé de las Casas" ; vNo. 26) a1 ejemplar aIncluye bibliografias e índice a461942-200214aCasas, Bartolomé de las, d[1474-1566] 4aDerechos humanos